000 00937nmm a2200289 a 4500
001 ocm0002347423
003 TR-IsHL
005 20201028185855.0
008 190518s2018 tu tur
007 cr cn
020 _a9786056864407
035 _a2347423
_b(N$T)
050 0 4 _aPL248.İ345
_bB3 2018
090 0 4 _aPL248.İ345
_bB3 2018
100 1 _aİçel, Bahadır
245 1 0 _aBaşka dünyalardan öyküler
_h[electronic resource] /
_cBahadır İçel ; yayıma hazırlayan İlker Balkan
250 _aBirinci Basım
260 _aİstanbul :
_bKanon Kitap ,
_c2018
300 _a144 p.
650 4 _aDil ve Edebiyat
650 4 _aLanguage and Literature
650 0 _aTürk romanı
650 0 _aTurkish fiction
650 7 _aLITERARY COLLECTIONS / Middle Eastern
_2bisacsh
700 1 _aBalkan, İlker
856 4 0 _uhttp://search.ebscohost.com/login.aspx?direct=true&scope=site&db=e011xww&AN=2347423
999 _c21661
_d21661